000 00603nam a2200205Ia 4500
003 GCL
008 140319s9999 xx 000 0 ara d
040 _aGCL /
_cGCL
082 0 4 _a584.9
_bم ن
100 1 _aمور، الما
245 1 0 _aالنجيليات: ثورة الارض الخضراء /
_cمور، الما
700 1 _aمصطفى كمال
700 1 _aمحمد عبدالفتاح القصاص
300 _a226 ص
490 _aالالف كتاب
_v0
650 0 4 _aالنباتات
650 0 4 _aالنباتات البذرية
650 0 4 _aالنجيليات
942 _2ddc
_cBK
999 _c42839
_d42839